000 00257nam a22000977a 4500
008 240902b |||||||| |||| 00| 0 eng d
020 _a9789351611721
100 _aBhatia R C
_97797
245 _aEntrepreneurship
260 _aNew Delhi
_bSultan Chand & Sons
_c2020
999 _c12643
_d12643